[Event "GER-ch U18 sf Berlin Online"]
[Site "Playchess.com INT"]
[Date "2020.05.01"]
[Round "11"]
[White "Englert, Luca"]
[Black "Bardorz, Jana"]
[Result "0-1"]
[WhiteElo "1620"]
[BlackElo "1770"]
[PlyCount "120"]
[EventDate "2020.05.01"]
[EventType "swiss (blitz)"]
[EventRounds "13"]
[EventCountry "GER"]
[SourceTitle "CBM 195 Extra"]
[Source "ChessBase"]
[SourceDate "2020.05.31"]
[SourceVersion "1"]
[SourceVersionDate "2020.05.31"]
[SourceQuality "1"]

1. e4 e5 2. Nc3 Nf6 3. f4 Nc6 4. Nf3 Bb4 5. fxe5 Bxc3 6. dxc3 Nxe4 7. Bc4 d6 8. Qd5 Be6 9. Qxe4 d5 10. Bxd5 Bxd5 11. Qe2 0-0 12. 0-0 Qe7 13. Bf4 f6 14. Rfe1 Bxf3 15. Qxf3 fxe5 16. Qd5+ Qf7 17. Qxf7+ Rxf7 18. Bxe5 Re7 19. Bg3 Rae8 20. Re3 Rxe3 21. Bxc7 Re2 22. Rc1 Ne7 23. Kf1 Nd5 24. Bg3 R2e4 25. Re1 Rxe1+ 26. Bxe1 Ne3+ 27. Kf2 Nxc2 28. Bd2 b5 29. a3 a5 30. g3 b4 31. axb4 axb4 32. cxb4 Rb8 33. Ke2 Nxb4 34. Bc3 Nd5 35. Kd3 Nxc3 36. bxc3 Kf7 37. c4 Ke6 38. Kd4 Kd6 39. g4 Rb2 40. h4 Rh2 41. h5 Rg2 42. c5+ Kc6 43. Ke5 Rxg4 44. Kf5 Rc4 45. h6 g6+ 46. Kf6 Rxc5 47. Kg7 Rh5 48. Kxh7 g5 49. Kg6 Rxh6+ 50. Kxg5 Re6 51. Kf5 Kd5 52. Kf4 Re5 53. Kf3 Re4 54. Kg3 Ke5 55. Kf3 Kf5 56. Kg3 Rf4 57. Kg2 Kg4 58. Kh2 Rf2+ 59. Kg1 Kg3 60. Kh1 Rf1# 0-1

[Event "GER-ch U18 sf Berlin Online"]
[Site "Playchess.com INT"]
[Date "2020.05.01"]
[Round "10"]
[White "Englert, Luca"]
[Black "Eulenstein, Conrad"]
[Result "1-0"]
[WhiteElo "1620"]
[BlackElo "1620"]
[PlyCount "75"]
[EventDate "2020.05.01"]
[EventType "swiss (blitz)"]
[EventRounds "13"]
[EventCountry "GER"]
[SourceTitle "CBM 195 Extra"]
[Source "ChessBase"]
[SourceDate "2020.05.31"]
[SourceVersion "1"]
[SourceVersionDate "2020.05.31"]
[SourceQuality "1"]

1. e4 e5 2. Nc3 Nc6 3. Bc4 Bc5 4. Qg4 Qf6 5. Nd5 Qxf2+ 6. Kd1 Bb6 7. Qxg7 d6 8. Nh3 Qh4 9. Qxh8 Bg4+ 10. Be2 Bxe2+ 11. Kxe2 Qxe4+ 12. Ne3 Nd4+ 13. Kf1 0-0-0 14. d3 Qc6 15. c3 Ne6 16. Qxh7 Bxe3 17. Bxe3 Nf6 18. Qxf7 Qd7 19. Qxd7+ Nxd7 20. Ke2 Rf8 21. Rhf1 Rg8 22. g3 Ndc5 23. b4 Nd7 24. Rf6 Nef8 25. Rf7 Ne6 26. Raf1 Kd8 27. R7f5 Rh8 28. Bg5+ Nxg5 29. Nxg5 Rxh2+ 30. R1f2 Rh8 31. Nf7+ Ke7 32. Nxh8 Ke6 33. Ke3 Kd5 34. c4+ Ke6 35. a4 c5 36. bxc5 Nxc5 37. Rf7 a6 38. R2f6# 1-0

[Event "GER-ch U18 sf Berlin Online"]
[Site "Playchess.com INT"]
[Date "2020.05.01"]
[Round "3"]
[White "Englert, Luca"]
[Black "Groenmeyer, Moritz Jakob"]
[Result "1-0"]
[WhiteElo "1620"]
[BlackElo "1620"]
[PlyCount "61"]
[EventDate "2020.05.01"]
[EventType "swiss (blitz)"]
[EventRounds "13"]
[EventCountry "GER"]
[SourceTitle "CBM 195 Extra"]
[Source "ChessBase"]
[SourceDate "2020.05.31"]
[SourceVersion "1"]
[SourceVersionDate "2020.05.31"]
[SourceQuality "1"]

1. e4 c5 2. Nc3 Nc6 3. f4 e6 4. Nf3 d5 5. Bb5 Bd7 6. d3 Nd4 7. Nxd4 Bxb5 8. Ndxb5 a6 9. Na3 b5 10. exd5 b4 11. dxe6 bxc3 12. bxc3 fxe6 13. 0-0 Rb8 14. Nc4 Nf6 15. Qe1 Qd7 16. Ne5 Bd6 17. Nxd7 Nxd7 18. Bd2 Ke7 19. Qg3 Rhg8 20. Qh4+ Ke8 21. Qxh7 Ke7 22. Qh4+ Ke8 23. Rab1 Rxb1 24. Rxb1 Nf8 25. Rb6 Kf7 26. Rxd6 Ng6 27. Qh5 Re8 28. f5 Kf8 29. Qxg6 Re7 30. Rxe6 Rc7 31. Re8# 1-0

[Event "GER-ch U18 sf Berlin Online"]
[Site "Playchess.com INT"]
[Date "2020.05.01"]
[Round "13"]
[White "Englert, Luca"]
[Black "Pimenov, Danil"]
[Result "1-0"]
[WhiteElo "1620"]
[BlackElo "1620"]
[PlyCount "81"]
[EventDate "2020.05.01"]
[EventType "swiss (blitz)"]
[EventRounds "13"]
[EventCountry "GER"]
[SourceTitle "CBM 195 Extra"]
[Source "ChessBase"]
[SourceDate "2020.05.31"]
[SourceVersion "1"]
[SourceVersionDate "2020.05.31"]
[SourceQuality "1"]

1. e4 c5 2. Nc3 Nc6 3. f4 g6 4. Bb5 Bg7 5. Nf3 e6 6. 0-0 Nge7 7. d3 0-0 8. Bxc6 dxc6 9. Qe1 f5 10. Qh4 Bf6 11. Ng5 Bxg5 12. fxg5 Qd4+ 13. Qf2 Qxf2+ 14. Rxf2 e5 15. b3 f4 16. Bb2 Be6 17. Na4 b6 18. Bxe5 Rad8 19. Raf1 Nc8 20. Rxf4 Rxf4 21. Rxf4 Nd6 22. Kf2 Nf7 23. Bf6 Rd7 24. Ke3 h5 25. gxh6 Nxh6 26. Nb2 b5 27. h3 Kh7 28. c4 b4 29. Na4 Ng8 30. Nxc5 Rf7 31. Be5 Rxf4 32. Bxf4 Bc8 33. d4 Ne7 34. Bd6 Ng8 35. Be5 Ne7 36. Bf6 Ng8 37. Bg5 Nh6 38. Kf4 Nf7 39. e5 Nxg5 40. Kxg5 Be6 41. Nxe6 1-0

[Event "GER-ch U18 sf Berlin Online"]
[Site "Playchess.com INT"]
[Date "2020.05.01"]
[Round "5"]
[White "Englert, Luca"]
[Black "Schuelner, David"]
[Result "1-0"]
[WhiteElo "1620"]
[BlackElo "1620"]
[PlyCount "137"]
[EventDate "2020.05.01"]
[EventType "swiss (blitz)"]
[EventRounds "13"]
[EventCountry "GER"]
[SourceTitle "CBM 195 Extra"]
[Source "ChessBase"]
[SourceDate "2020.05.31"]
[SourceVersion "1"]
[SourceVersionDate "2020.05.31"]
[SourceQuality "1"]

1. e4 e5 2. Nc3 Nc6 3. Bc4 Nf6 4. d3 Bc5 5. Nge2 d6 6. 0-0 Be6 7. Bxe6 fxe6 8. Kh1 0-0 9. f4 exf4 10. Bxf4 e5 11. Bg5 h6 12. Bh4 Qd7 13. Qe1 g5 14. Bf2 Bxf2 15. Rxf2 Ng4 16. Rxf8+ Rxf8 17. h3 Ne3 18. Qd2 Rf1+ 19. Rxf1 Nxf1 20. Qc1 Qf7 21. Kg1 Nd4 22. Nxd4 exd4 23. Ne2 Ne3 24. Nxd4 Qf4 25. Ne2 Qe5 26. Qxe3 Qxb2 27. Qd4 Qxa2 28. Qc4+ Qxc4 29. dxc4 Kf7 30. Kf2 Ke6 31. Ke3 Ke5 32. Nd4 c5 33. Nb5 a6 34. Na3 Ke6 35. c3 Ke5 36. Nc2 Ke6 37. Kd3 Ke5 38. Ke3 Ke6 39. Ne1 Ke5 40. g3 a5 41. Kd3 h5 42. Nf3+ Kf6 43. Kc2 g4 44. hxg4 hxg4 45. Nd2 Ke5 46. Kb3 Ke6 47. Ka4 Kd7 48. Kxa5 Kc6 49. Nf1 b6+ 50. Ka4 Kc7 51. Kb5 Kb7 52. Ne3 Kc7 53. Nxg4 Kb7 54. Nf6 Kc7 55. g4 Kd8 56. g5 Ke7 57. Kxb6 Ke6 58. Kc6 Ke7 59. Nd5+ Ke6 60. g6 Ke5 61. g7 Kxe4 62. g8Q Kd3 63. Qg4 Kc2 64. Kxd6 Kb3 65. Kxc5 Kb2 66. Kb4 Ka2 67. Qe2+ Kb1 68. Kb3 Kc1 69. Qc2# 1-0

[Event "GER-ch U18 sf Berlin Online"]
[Site "Playchess.com INT"]
[Date "2020.05.01"]
[Round "9"]
[White "Kleemann, Philipp"]
[Black "Englert, Luca"]
[Result "0-1"]
[WhiteElo "1618"]
[BlackElo "1620"]
[PlyCount "56"]
[EventDate "2020.05.01"]
[EventType "swiss (blitz)"]
[EventRounds "13"]
[EventCountry "GER"]
[SourceTitle "CBM 195 Extra"]
[Source "ChessBase"]
[SourceDate "2020.05.31"]
[SourceVersion "1"]
[SourceVersionDate "2020.05.31"]
[SourceQuality "1"]

1. e4 e5 2. Nf3 f5 3. exf5 e4 4. Ne5 Nf6 5. Bc4 d5 6. Bb3 Bd6 7. d4 Bxf5 8. Bg5 c6 9. 0-0 0-0 10. Nc3 Qe8 11. Bf4 Nh5 12. Qd2 Nxf4 13. Qxf4 Nd7 14. Nxd5 cxd5 15. Bxd5+ Kh8 16. Nf7+ Rxf7 17. Bxf7 Bxf4 18. Bxe8 Rxe8 19. g3 Bg5 20. h4 Bf6 21. c3 Nb6 22. a4 Nc4 23. b4 Nd2 24. Rfd1 Nf3+ 25. Kg2 Bd7 26. a5 Bc6 27. d5 Bd7 28. Rac1 Bg4 0-1

[Event "GER-ch U18 sf Berlin Online"]
[Site "Playchess.com INT"]
[Date "2020.05.01"]
[Round "4"]
[White "Zemann, Till"]
[Black "Englert, Luca"]
[Result "0-1"]
[WhiteElo "1620"]
[BlackElo "1620"]
[PlyCount "108"]
[EventDate "2020.05.01"]
[EventType "swiss (blitz)"]
[EventRounds "13"]
[EventCountry "GER"]
[SourceTitle "CBM 195 Extra"]
[Source "ChessBase"]
[SourceDate "2020.05.31"]
[SourceVersion "1"]
[SourceVersionDate "2020.05.31"]
[SourceQuality "1"]

1. e4 e5 2. Nf3 f5 3. Nc3 Nc6 4. Bb5 fxe4 5. Nxe4 d5 6. Bxc6+ bxc6 7. Nc3 Bg4 8. h3 Bxf3 9. Qxf3 Qf6 10. Qxf6 Nxf6 11. 0-0 Bc5 12. Re1 Nd7 13. a3 Kf8 14. b4 Bd4 15. Bb2 Kf7 16. Nd1 Bxb2 17. Nxb2 Rhf8 18. Re3 Kg8 19. Rae1 e4 20. d3 exd3 21. Nxd3 Nf6 22. c3 Ne4 23. f3 Nxc3 24. Ne5 d4 25. Rd3 Nb5 26. Nxc6 Rf6 27. Nxd4 Rd8 28. Red1 Rfd6 29. a4 Nxd4 30. Rxd4 Rxd4 31. Rxd4 Rxd4 32. Kf2 Rxb4 33. a5 Ra4 34. g4 Rxa5 35. Kg3 Kf7 36. f4 c5 37. g5 Ra3+ 38. Kg4 Rd3 39. h4 c4 40. Kf5 c3 41. Ke4 c2 42. Kxd3 c1Q 43. Ke4 Qd2 44. Kf5 a6 45. g6+ hxg6+ 46. Kg5 a5 47. h5 gxh5 48. Kxh5 a4 49. f5 Kf6 50. Kg4 a3 51. Kf3 a2 52. Kg4 a1Q 53. Kh4 Qg2 54. Kh5 Qg5# 0-1

[Event "GER-chT U12"]
[Site "Magdeburg"]
[Date "2019.12.28"]
[Round "4.5"]
[White "Held, Momme Fredrik"]
[Black "Englert, Luca"]
[Result "1-0"]
[WhiteElo "1573"]
[BlackElo "1632"]
[PlyCount "65"]
[EventDate "2019.12.27"]
[EventType "team-swiss"]
[EventRounds "7"]
[EventCountry "GER"]
[SourceTitle "CBM 194 Extra"]
[Source "ChessBase"]
[SourceDate "2020.03.31"]
[SourceVersion "1"]
[SourceVersionDate "2020.03.31"]
[SourceQuality "1"]
[WhiteTeam "Kreuzberg"]
[BlackTeam "Leipzig Gruen Weiss"]
[WhiteTeamCountry "GER"]
[BlackTeamCountry "GER"]

1. c4 e5 2. g3 f5 3. Bg2 Nf6 4. Nc3 Be7 5. e3 c6 6. d3 0-0 7. Nge2 d5 8. 0-0 Be6 9. b3 Nbd7 10. f4 e4 11. Nd4 Bf7 12. Nxf5 Bb4 13. Bb2 exd3 14. cxd5 Bxc3 15. Bxc3 Bxd5 16. Bxf6 Nxf6 17. Qxd3 Bxg2 18. Qxd8 Raxd8 19. Kxg2 Ng4 20. Kh3 Nxh2 21. Kxh2 Rxf5 22. Rad1 Rfd5 23. Rxd5 Rxd5 24. Rf2 Kf7 25. Kg2 Rd6 26. Kf3 c5 27. e4 b5 28. e5 c4 29. exd6 Ke6 30. bxc4 bxc4 31. Rd2 Kd7 32. Rc2 Kxd6 33. Rxc4 1-0

[Event "GER-chT U10"]
[Site "Magdeburg"]
[Date "2016.12.28"]
[Round "3.2"]
[White "Hick, Richard"]
[Black "Englert, Luca"]
[Result "1-0"]
[WhiteElo "1009"]
[BlackElo "600"]
[PlyCount "72"]
[EventDate "2016.12.27"]
[EventType "team-swiss"]
[EventRounds "7"]
[EventCountry "GER"]
[SourceTitle "EXT 2018"]
[Source "ChessBase"]
[SourceDate "2017.10.13"]
[SourceVersion "1"]
[SourceVersionDate "2017.10.13"]
[SourceQuality "1"]
[WhiteTeam "Kitzscher"]
[BlackTeam "Leipzig Gruen Weiss II"]
[WhiteTeamCountry "GER"]
[BlackTeamCountry "GER"]

1. e4 e5 2. Nf3 Nc6 3. d4 exd4 4. Nxd4 Nxd4 5. Qxd4 Nf6 6. Nc3 Bd6 7. e5 Qe7 8. f4 c5 9. Qxd6 Qxd6 10. exd6 0-0 11. Bd3 Re8+ 12. Be2 b6 13. 0-0 Bb7 14. Bd2 Ne4 15. Nxe4 Rxe4 16. Bf3 Rd4 17. Bxb7 Rb8 18. Be3 Rxd6 19. Ba6 b5 20. Bxc5 Rxa6 21. Rfe1 Rc6 22. Bxa7 Rf8 23. c3 h6 24. Rad1 Rc7 25. Bb6 Rb7 26. Bc5 Rc8 27. Bf2 Kh8 28. Rc1 Kh7 29. f5 f6 30. Re7 b4 31. Bd4 Kg8 32. b3 Kf8 33. Re3 Kg8 34. Rce1 bxc3 35. Rxc3 Rxc3 36. Bxc3 Rc7 1-0

[Event "GER-chT U10"]
[Site "Magdeburg"]
[Date "2016.12.27"]
[Round "1.1"]
[White "Englert, Luca"]
[Black "Willberg, Marek"]
[Result "1-0"]
[WhiteElo "600"]
[BlackElo "1060"]
[PlyCount "90"]
[EventDate "2016.12.27"]
[EventType "team-swiss"]
[EventRounds "7"]
[EventCountry "GER"]
[SourceTitle "EXT 2018"]
[Source "ChessBase"]
[SourceDate "2017.10.13"]
[SourceVersion "1"]
[SourceVersionDate "2017.10.13"]
[SourceQuality "1"]
[WhiteTeam "Leipzig Gruen Weiss II"]
[BlackTeam "Leipzig Gruen Weiss"]
[WhiteTeamCountry "GER"]
[BlackTeamCountry "GER"]

1. e4 e5 2. Nf3 Nc6 3. Bc4 Nf6 4. Nc3 Bc5 5. Ng5 0-0 6. d3 h6 7. Nf3 d6 8. Bd2 Bg4 9. h3 Bh5 10. g4 Bg6 11. Qe2 Nd4 12. Nxd4 Bxd4 13. 0-0-0 Qd7 14. g5 hxg5 15. Bxg5 Bh5 16. f3 c6 17. Kd2 Bxc3+ 18. bxc3 d5 19. Bxf6 gxf6 20. Rhg1+ Bg6 21. exd5 cxd5 22. Bb3 Kh8 23. Kc1 Rac8 24. Kb2 Qc6 25. c4 d4 26. Qd2 Kh7 27. Qa5 Qc5 28. Qxc5 Rxc5 29. h4 Rg8 30. Rh1 Bh5 31. Rhf1 Rg3 32. Rde1 Bxf3 33. c3 dxc3+ 34. Kxc3 e4 35. d4 Rh5 36. d5 Bg2+ 37. Kb4 Bxf1 38. Rxf1 Rd3 39. Bc2 Rd2 40. Kc3 Rg2 41. Bxe4+ Kg8 42. Bxg2 Re5 43. d6 Re8 44. Bxb7 Rd8 45. Rxf6 Rf8 1-0